Normal view
MARC view
- Enseñanza de la Pedagogía
Entry TÉRMINO TEMÁTICO
001 - NUMERO DE CONTROL DEL REGISTRO
- campo de control: 220514
003 - IDENTIFICADOR DEL NUMERO DE CONTROL
- campo de control: ES-SlBCS
005 - FECHA Y HORA DE LA ULTIMA TRANSACCION
- campo de control: 20210327225311.0
008 - ELEMENTOS DE LONGITUD FIJA
- campo de control de longitud fija: 210327|| aca||aabn | a|a d
040 ## - FUENTE DE LA CATALOGACION
- Agencia que crea de manera original el registro: ES-SlBCS
- Agencia que realiza la transcripción: ES-SlBCS
150 ## - ENCABEZAMIENTO - TEMÁTICO
- Encabezamiento temático: Enseñanza de la Pedagogía
670 ## - FUENTE EN LA QUE SE LOCALIZARON DATOS
- Cita de la fuente: Work cat.: (ES-SlBCS)615396: Bellarte, Bruno 220513, La enseñanza de la historia de la pedagogía en la sociedad contemporánea
